| 000 | 00399cas a2200145 a 4500 | ||
|---|---|---|---|
| 022 | _a9789280727689 | ||
| 050 | 0 | 0 |
_aTD194.6 _b.G46 |
| 245 | 0 | 0 |
_aGEO year book: _ban overview of our changing environment |
| 260 |
_aNairobi, Kenya : _bUnited Nations Environment Programme, _c2007 |
||
| 300 | _a86 p. | ||
| 650 | 0 | _vPeriodicals. | |
| 650 | 0 | _vPeriodicals. | |
| 650 | 0 | _vPeriodicals. | |
| 942 |
_cGEN _2lcc |
||
| 999 |
_c11130 _d11130 |
||